LEADER 01300nam a2200289 u 4500 001 000000031769 003 CaOOAMICUS 005 20070226112158.0 008 971007s1969 it a u000 u ita u 035 $a10771886 040 $aPUL(R)$bita 245 00$aPietro e Paolo nel XIX centenario del martirio /$ca cura dei professori Primo Luigi Vannicelli e Bonaventura Mariani ; introduzione di mons. Salvatore Garofalo. 260 $aNapoli :$bM. D'Auria,$c1969. 300 $a363 p. :$bill. ;$c22 cm 490 1 $aHistoria salutis.$aSerie storica ;$v1 500 $aIndici : p. 351-363. 504 $aBibliografie a pié pagina. 700 1 $aVannicelli, Primo Luigi.$0(OLS)http://pul/name/20470 700 1 $aGarofalo, Salvatore,$csac.,$d1911-1998.$0(OLS)http://pul/name/902 700 1 $aMariani, Bonaventura,$cO.F.M.$0(OLS)http://pul/name/15551 830 0$aHistoria salutis.$pSerie storica ;$v1.$0(OLS)http://pul/title/43716 850 $aPUL 852 $aPUL$W1$xSL Religione 1$y3$m10 F 2$j43819$nBK-PRI$b $qStampati$B43819$CPULBib$Z2$F43819 $H $81 941 1 $a8 961 $aINV: 30461. 996 $6245$aPietro e Paolo nel XIX centenario del martirio$9(OLS)http://pul/title/43715 996 $6260$aNapoli :$bM. D'Auria$9(OLS)http://pul/publisher/47890 LEADER 01341nam a2200337 u 4500 001 000000064918 003 CaOOAMICUS 005 20070226121417.0 008 011127s1986 enk u000 u eng u 020 $a0631141790 035 $a10911595 040 $aPUL(R)$bita 100 1 $aHintikka, Merril B.$0(OLS)http://pul/name/43809 245 10$aInvestigating Wittgestein /$cHintikka Merrill B. and Jaakko Hintikka. 260 $aOxford :$bBasil Blackwell,$cc1986. 300 $axx, 326 p. ;$c23 cm 500 $aInclude indici. 504 $a"Sources": p. [xvi]-xx. 600 14$aWittgenstein, Ludwig,$d1889-1951$xFilosofia.$0(OLS)http://pul/subject/2057 650 4$aFilosofia del linguaggio.$0(OLS)http://pul/subject/8316 700 1 $aHintikka, Jaakko,$d1929-$0(OLS)http://pul/name/43810 850 $aPUL 852 $aPUL$W1$xSL Filosofia 1$y2$m88 I 12$j84088$nBK-PRI$b $qStampati$B84088$CPULBib$Z2$F84088 $H $81 941 1 $a8 960 $aLinguaggio$xFilosofia$98316 960 $aLinguaggio e filosofia$98316 960 $aLinguaggio e pensiero$98316 961 $aINV: 55350 996 $6020$a0631141790$9(OLS)http://pul/number/84220 996 $6245$aInvestigating Wittgestein$9(OLS)http://pul/title/86434 996 $6260$aOxford :$bBasil Blackwell$9(OLS)http://pul/publisher/65354